00345nam a2200121 i 4500001000300000245003300003250001100036260002100047040000800068041000800076008004100084856009800125bg 0aMały słownik matematyczny. aWyd.4. aWarszawa,c1974. cBPK apol s pl f |000 0 pol  uhttp://koha.tu.koszalin.pl/cgi-bin/koha/opac-detail.pl?biblionumber=16923yKatalog online BPK